Retorno a Dawson
Gardado en:
| Autor Principal: | |
|---|---|
| Formato: | Libro |
| Idioma: | Lingua castelá |
| Publicado: |
Santiago
Lom
2012
|
| Edición: | 1a. ed |
| Series: | Colección Septiembre
|
| Subjects: | |
| Tags: |
Engadir etiqueta
Sen Etiquetas, Sexa o primeiro en etiquetar este rexistro!
|
MARC
| LEADER | 00000cam a2200000 a 4500 | ||
|---|---|---|---|
| 001 | UCF4564 | ||
| 003 | CL-VaPUC | ||
| 008 | 121213e20120000CL |||||||||||||||||spa|d | ||
| 020 | |a 9789560003126 | ||
| 082 | 0 | 4 | |a 364 |b LAW |2 21 |
| 100 | |a Lawner Steiman, Miguel |e author |9 595470 | ||
| 245 | 1 | 0 | |a Retorno a Dawson |
| 250 | |a 1a. ed | ||
| 300 | |a 224 p | ||
| 942 | |c BK | ||
| 945 | |d 20121213 00:00:00 |a dcastane | ||
| 260 | |a Santiago |b Lom |c 2012 | ||
| 650 | 0 | |a Criminología |9 256168 | |
| 650 | 7 | |a DELITOS POLITICOS |2 CL-VaPUC |9 256092 | |
| 650 | 0 | |a Prisioneros políticos |9 468480 | |
| 650 | 0 | |a Campos de concentración |9 344322 | |
| 583 | |a last modification |c 20121213 11:07:00 |k Rodrigo Vera | ||
| 490 | 0 | |a Colección Septiembre | |
| 999 | |c 350320 |d 350318 | ||
| 952 | |0 0 |1 0 |4 0 |6 364_000000000000000_LAW_2012 |7 0 |8 A |9 453599 |a BIBING |b BIBING |d 2019-11-22 |i 4933559 |o 364 LAW 2012 |p 4933559 |r 2025-01-20 |w 2019-11-22 |y BK |k CUI | ||